| 000 | 01234nam a2200301 a 4500 | ||
|---|---|---|---|
| 001 | BRCA_8327 | ||
| 005 | 20190320210229.0 | ||
| 008 | 300614s1922----gw-a###f##---#001-0#ger-# | ||
| 041 | _ager | ||
| 044 | _agw | ||
| 050 | 4 |
_aND615 _b.E8 1922 |
|
| 100 | 1 |
_aEscher, Konrad _920809 |
|
| 245 | 1 | 0 |
_aMalerei der Renaissance in Italien _cKonrad Escher ; begründet von Fritz Burger ; herausgegeben von A. E. Brinckmann. |
| 260 |
_aAlemania _bAkademische Verlagsgesellschaft Athenaion _c1922 |
||
| 300 |
_a2 v. _bil. (algunas a color), 8 láminas _c29 cm. |
||
| 440 | 0 |
_aHandbuch der Kunstwissenschaft _920810 |
|
| 500 | _aDos ejemplares consecutivos inventariados por el Banco de México como un solo libro | ||
| 500 | _aIncluye índice de artistas e índice de ilustraciones | ||
| 500 | _aR36 | ||
| 504 | _aBibliografía p. 308-314 (volumen 1) | ||
| 505 | 0 | _av.1 Die malerei des 14. bis 16. Jahrhunderts in mittel und unteritalien.-- v.2 die malerei um die mitte und der zweiten Hälfte des Quattrocento | |
| 650 | 1 | 4 |
_aPintura italiana _vRenacimiento _920811 |
| 650 | 1 | 4 |
_aPintura italiana _ySiglos XIV-XVI _920812 |
| 700 | 1 |
_aBurger, Fritz _920813 |
|
| 700 | 1 |
_aBrinckmann, A. E. _eed. _920814 |
|
| 902 | _aGFM | ||
| 942 |
_2lcc _cB |
||
| 999 |
_c7995 _d7995 |
||